| Tag |
First Indicator |
Second Indicator |
Subfields |
| LEADER |
00000cam a2200000 4500 |
| 001 |
in00001918607 |
| 006 |
m | d | |
| 007 |
cr |n||||||||n |
| 008 |
790719m17921793enk|||| s 00| ||lat d |
| 005 |
20260414165457.9 |
| 035 |
|
|
|a (CStRLIN)ESTCT46149
|
| 040 |
|
|
|a Uk-ES
|c Uk-ES
|d CStRLIN
|d Thomson Gale
|d UtOrBLW
|
| 100 |
0 |
|
|a Horace.
|
| 243 |
1 |
0 |
|a Works
|
| 245 |
1 |
0 |
|a Q. Horatii Flacci opera, cum variis lectionibus, notis variorum, et indice locupletissimo.
|
| 264 |
|
1 |
|a Londini :
|b Excudebant Gul. Browne, et Joh. Warren. Et prostant venales apud T. Payne et J. Edwards,
|c 1792-93.
|
| 300 |
|
|
|a 2 volumes,plate ;
|c 4⁰.
|
| 336 |
|
|
|a text
|b txt
|2 rdacontent
|
| 337 |
|
|
|a computer
|b c
|2 rdamedia
|
| 338 |
|
|
|a online resource
|b cr
|2 rdacarrier
|
| 500 |
|
|
|a Edited by Charles Combe, who signs the dedication.
|
| 500 |
|
|
|a Volume 2 is dated 1793, and has an index with separate register and pagination.
|
| 500 |
|
|
|a Ordinary paper issue.
|
| 500 |
|
|
|a Reproduction of original from the British Library.
|
| 510 |
4 |
|
|a English Short Title Catalog,
|c ESTCT46149.
|
| 533 |
|
|
|a Electronic reproduction.
|b Farmington Hills, Mich. :
|c Thomson Gale,
|d 2003.
|n Available via the World Wide Web.
|n Access limited by licensing agreements
|7 s2003 miunns
|
| 500 |
|
|
|a Electronic resource.
|
| 830 |
|
0 |
|a Eighteenth century collections online.
|
| 856 |
4 |
0 |
|u http://proxy.library.tamu.edu/login?url=https://galenet.galegroup.com/servlet/ECCO?c=1&stp=Author&ste=11&af=BN&ae=T046149&tiPG=1&dd=0&dc=flc&docNum=CW112350700&vrsn=1.0&srchtp=a&d4=0.33&n=10&SU=0LRK&locID=txshracd2898
|z Full text online
|t 0
|
| 999 |
|
|
|a MARS
|
| 999 |
f |
f |
|s 31795161-0e4d-3ef6-a0a8-556505b4b6e5
|i 8ed257cb-1d6a-3a84-b252-691b06ff36b2
|t 0
|
| 952 |
f |
f |
|a Texas A&M University
|b College Station
|c Electronic Resources
|s www_evans
|d Available Online
|t 0
|h No information provided
|
| 998 |
f |
f |
|t 0
|l Available Online
|